| 000 | 01021nam a2200205Ia 4500 | ||
|---|---|---|---|
| 003 | GCL | ||
| 008 | 140319s9999 xx 000 0 ara d | ||
| 020 | _a2194200977 | ||
| 040 |
_aGCL / _cGCL |
||
| 082 | 0 | 4 |
_aق _b953.08 _bم ت |
| 100 | 1 | _aمحمد بن محمد بن حامد المراغى الجرجاوى | |
| 245 | 1 | 0 |
_aتاريخ ولاية الصعيد فى العصرين المملوكى والعثمانى : _b"المسمى بـ "" نور العيون فى ذكر جرجا من عهد ثلاثة قرون """ / _cمحمد بن محمد بن حامد المراغى الجرجاوى |
| 260 |
_aالقاهرة : _bمكتبة النهضة المصرية |
||
| 300 |
_a256ص ؛ _c25 سم |
||
| 650 | 0 | 4 | _aمصر - تاريخ - عصر المماليك ( 1250-1517 م ) |
| 650 | 0 | 4 | _aمصر - تاريخ - العصر العثمانى ( 1517-1914 م ) |
| 650 | 0 | 4 | _aالصعيد - تاريخ - العصر المملوكى |
| 650 | 0 | 4 | _aالصعيد - تاريخ - العصر العثمانى |
| 942 |
_2ddc _cBK |
||
| 999 |
_c58104 _d58104 |
||